01093nam a2200289 k 4500001001300000005001500013008004100028020003500069040001900104041001300123049001700136056001600153090002300169100003600192245016600228246004600394260004900440300003800489500001800527500003600545546004100581653006100622700002200683740006400705900002300769950001100792KMO20260238720260519105417260514s2024 ulkad 001a kor a9788925574394g03400 :c\25000 a146043c1460431 akorheng0 lEM0000048842 a511.181326 a511.1813b이18무1 a이글먼, 데이비드,d1971-10a무의식은 어떻게 나를 설계하는가 :b나를 살리기도 망치기도 하는 머릿속 독재자 /d데이비드 이글먼 지음 ;e김승욱 옮김19aIncognito:bthe secret lives of the brain a서울 :bRHK:b알에이치코리아,c2024 a342 p. :b삽화, 도표 ;c22 cm a색인 수록 a원저자명: David M. Eagleman a영어 원작을 한국어로 번역 a뇌과학a의식a무의식a뇌연구a인지심리학1 a김승욱,d1966-02a나를 살리기도 망치기도 하는 머릿속 독재자10aEagleman, David M.0 b\25000 |
|---|